000 01204nam a2200253Ia 4500
999 _c54742
_d54742
001 21809
003 GE_BSU
005 20220519143741.0
008 181216s ||||ge |||||||||||||| ||geo||
040 _cGE_BSU
041 _ageo
080 _a81'374.822=111=353.1 ი-54
100 _aგარსევანიძე, ზინაიდა
_913785
245 _aინგლისურ-ქართული თემატური ლექსიკონი :
_b 5500 სიტყვა /
_cზინაიდა გარსევანიძე ; შემდგ. ზ. გარსევანიძე ; რედ. ვ. ბასიშვილი.
264 _aთბილისი :
_bგანათლება,
_c1973.
300 _a159 გვ. ;
_c20 სმ.
541 _h0,80თ.
653 _aინგლისურ-ქართული თემატური ლექსიკონი
653 _a 5500 სიტყვა
653 _aქართული ენა
700 _aგარსევანიძე, ზ.
_eშემდგენელი
_913786
700 _aბასიშვილი, ვ.
_eრედაქტორი
_913787
942 _cBK
_2udc